[Event "Santa Eugenia op 9th"]
[Site "Santa Eugenia"]
[Date "2014.05.16"]
[Round "4"]
[White "Vidal Palou, Jordi"]
[Black "Pagos Lopez, David"]
[Result "0-1"]
[WhiteElo "1940"]
[BlackElo "1700"]
[PlyCount "29"]
[EventDate "2014.04.25"]
[EventType "swiss"]
[EventRounds "9"]
[EventCountry "ESP"]
[SourceTitle "EXT 2015"]
[Source "ChessBase"]
[SourceDate "2014.11.20"]
[SourceVersion "1"]
[SourceVersionDate "2014.11.20"]
[SourceQuality "1"]

1. d4 Nf6 2. Nf3 e6 3. Bf4 c5 4. e3 Nc6 5. c3 d5 6. Bd3 Qb6 7. Qc1 Nh5 8. Be5 f6 9. Bg3 Nxg3 10. hxg3 cxd4 11. exd4 Bd6 12. Bg6+ Ke7 13. Rxh7 Rxh7 14. Bxh7 e5 15. dxe5 0-1